Český trh nemovitostí v době tříletého výročí přistoupení do Evropské unie

Trh s nehnuteľnosťami po vstupe Českej republiky do Európskej únie. Vplyv zmeny sadzby DPH na trh s nehnuteľnosťami určených na bývanie. Súčasné trendy na českom trhu. Špekulatívne nákupy. Trh s nehnuteľnosťami v Moravskoslezkom kraji po vstupe do EÚ.

Na minha lista:
Detalhes bibliográficos
Autor principal: Janáčková, Hana
Formato: Capítulo de Livro
Idioma:tcheco
Assuntos:
Tags: Adicionar Tag
Sem tags, seja o primeiro a adicionar uma tag!

MARC

LEADER 00000naa$a2200000$$$4500
001 0064116
005 20231107110442.3
041 0 |a cze 
044 |a CZ 
245 1 0 |a Český trh nemovitostí v době tříletého výročí přistoupení do Evropské unie  |c Hana Janáčková 
520 |a Trh s nehnuteľnosťami po vstupe Českej republiky do Európskej únie. Vplyv zmeny sadzby DPH na trh s nehnuteľnosťami určených na bývanie. Súčasné trendy na českom trhu. Špekulatívne nákupy. Trh s nehnuteľnosťami v Moravskoslezkom kraji po vstupe do EÚ. 
610 2 0 |a Česko 
610 2 0 |a dane z hodnoty pridanej 
610 2 0 |a Európska únia 
610 2 0 |a trh 
610 2 0 |a nehnuteľnosti 
610 2 0 |a trh bytový 
100 1 |a Janáčková, Hana